El recurso de la injusticia notoria / (Record no. 131483)

MARC details
000 -LEADER
campo de control de longitud fija 00614nam a2200205 4500
001 - NÚMERO DE CONTROL
campo de control 131483
003 - IDENTIFICADOR DE NÚMERO DE CONTROL
campo de control ES-MaACL
005 - FECHA Y HORA DE LA ÚLTIMA TRANSACCIÓN
campo de control 20230906194005.0
007 - CAMPO FIJO DE DESCRIPCIÓN FÍSICA--INFORMACIÓN GENERAL
campo de control de longitud fija t|
008 - DATOS DE LONGITUD FIJA--INFORMACIÓN GENERAL
campo de control de longitud fija 070214s1962 sp r ||||1| spa d
100 1# - ENTRADA PRINCIPAL--NOMBRE DE PERSONA
Nombre de persona Rodríguez Aguilera, Cesáreo.
9 (RLIN) 98320
245 13 - MENCIÓN DEL TÍTULO
Título El recurso de la injusticia notoria /
Mención de responsabilidad, etc. Cesáreo Rodríguez Aguilera, José Peré Raluy.
260 ## - PUBLICACIÓN, DISTRIBUCIÓN, ETC.
Lugar de publicación, distribución, etc. Madrid :
Nombre del editor, distribuidor, etc. E. Sánchez Leal,
Fecha de publicación, distribución, etc. 1962.
300 ## - DESCRIPCIÓN FÍSICA
Extensión 238 p. ;
Dimensiones 22 cm.
490 1# - MENCIÓN DE SERIE
Mención de serie La toga
700 1# - ENTRADA AGREGADA--NOMBRE PERSONAL
Nombre de persona Pere Raluy, José.
9 (RLIN) 186867
830 0# - PUNTO DE ACCESO ADICIONAL DE SERIE-TÍTULO UNIFORME
Título uniforme La toga
9 (RLIN) 182851
852 ## - LOCALIZACIÓN
Ubicación ES-MaACL
Número de control de estantería C-22910
Sublocalización o colección R.51679
Holdings
Estatus retirado Estado de pérdida Estado de daño No para préstamo Biblioteca de origen Biblioteca actual Ubicación en estantería Fecha de adquisición Fuente de adquisición Total de préstamos Signatura topográfica completa Código de barras Visto por última vez Precio de reemplazo Tipo de ítem Koha
        Biblioteca del Ateneo de Madrid Biblioteca del Ateneo de Madrid Depósito 2 17/01/2008     C-22910 1136882 23/02/2023 23/02/2023 Libro impreso